| 000 | 00435nam a22001577a 4500 | ||
|---|---|---|---|
| 005 | 20151208095131.0 | ||
| 008 | 151208b xxu||||| |||| 00| 0 eng d | ||
| 020 | _a9789698455781 | ||
| 040 | _cPK-LaUMT | ||
| 082 |
_aMSC 954.91 _bIST-P |
||
| 100 | _aسٹیفن پی | ||
| 245 |
_aپاکستان کا مستقبل _cاسٹیفن پی |
||
| 260 |
_aلاہور _bجمہوری پبلیکیشنز _c2011 |
||
| 300 | _a140 ص | ||
| 942 | _cBK | ||
| 999 |
_c80685 _d80685 |
||